000 00816nam a2200277 a 4500
008
020 _a0321210263 (hbk. )
049 _aMAIN
090 0 _aQA76.758
_bSOM
100 1 _aSommerville, Ian.
245 1 0 _aSoftware engineering /
_cI. Sommerville.
250 _a7th ed.
260 _aBoston :
_bPearson Addison-Wesley,
_c2004.
300 _axxii, 759 p. :
_bill. ;
_c24 cm.
440 _aInternational computer science series.
500 _aIncludes index.
504 _aIncludes bibliographical references.
650 0 _aComputer programs.
650 0 _aComputer programming.
650 _aSoftware engineering.
907 _a.b10090915
_b27-07-16
_c16-10-03
003
005 20230123122225.0
040 _cNUST
942 _cBOOKS
_kQA76.758
_mSOM
999 _c129959
_d129959